=LDR 00000nam 2200000 4500 =001 INLIS000000000043592 =005 20200721103836 =035 ##$$a 0010-101300000001514 =008 200721###########################0###### =041 ##$$a Ind =090 ##$$a 2X6.1, Mau w =100 ##$$a AL-MAUDUDI, Abu A'la =245 1#$$a Wahai kawula Muda Potret Anak-anakku Generasi Muda Muslim, Abu A'la AL-Maududi; Alih Bahasa, Mahfuz Hudlory =260 ##$$a 1988 :$b {...S.I.}; H.I Press =300 ##$$a 68 hlm, 18 cm =650 #4$$a ISLAM dan PEMBINAAN ISLAM =700 #$$a HUDLORY, Mahfudz =850 ##$$a NBPNMAT